[Event "Torneio de ELITE B da AXL 2013_2014"]
[Site "axlisboa.weebly.com"]
[Date "2014.??.??"]
[Round "5.1"]
[White "Garcia, Antonio Manuel Costa"]
[Black "Martins, Andre G Gomes Brito"]
[Result "1/2-1/2"]
[WhiteElo "1906"]
[BlackElo "1954"]
[PlyCount "125"]
[EventDate "2014.09.17"]

1. d4 Nf6 2. c4 g6 3. Nc3 Bg7 4. e4 d6 5. f4 O-O 6. Nf3 c5 7. d5 e6 8. Be2 exd5
9. cxd5 Re8 10. e5 dxe5 11. fxe5 Ng4 12. Bg5 Qa5 13. O-O Nxe5 14. Nxe5 Bxe5 15.
Bc4 Bd4+ 16. Kh1 Nd7 17. d6 Ne5 18. Bb5 Bg4 19. Qa4 Qxa4 20. Bxa4 Bd7 21. Bxd7
Nxd7 22. Nd5 Re5 23. Ne7+ Kg7 24. Bf4 Re6 25. Nd5 Re2 26. Rae1 Rae8 27. Ne7
Rxe1 28. Rxe1 f6 29. h3 Kf7 30. Rd1 Be5 31. Bxe5 fxe5 32. Nd5 Re6 33. Nc7 Rf6
34. Kg1 Rf4 35. g3 Rd4 36. Rf1+ Kg8 37. Ne8 b5 38. Nf6+ Nxf6 39. Rxf6 e4 40.
Kf2 Kg7 41. Re6 Kf7 42. Re7+ Kf6 43. Rxa7 Rxd6 44. Ke3 Rd3+ 45. Kxe4 Rxg3 46.
Rxh7 Rg2 47. Rc7 c4 48. a4 bxa4 49. Rxc4 Rxb2 50. Rxa4 Rh2 51. Ra3 Kg5 52. Rg3+
Kh5 53. Kf4 Rf2+ 54. Ke3 Rf8 55. Rg4 g5 56. Ra4 Rf1 57. Ra8 Kh4 58. Rh8+ Kg3
59. Ke4 Rf4+ 60. Ke5 Rf1 61. Rg8 Kh4 62. Rh8+ Kg3 63. Rg8 1/2-1/2

[Event "Torneio de ELITE B da AXL 2013_2014"]
[Site "axlisboa.weebly.com"]
[Date "2014.??.??"]
[Round "5.2"]
[White "Reis, Luis Simoes Dos"]
[Black "Cadeirinhas, David Eduardo Lou"]
[Result "1/2-1/2"]
[WhiteElo "1898"]
[BlackElo "1850"]
[PlyCount "68"]
[EventDate "2014.09.17"]

1. d4 d5 2. Nf3 Nf6 3. e3 Bf5 4. c4 c6 5. Qb3 Qb6 6. Qxb6 axb6 7. Nc3 dxc4 8.
Bxc4 b5 9. Bb3 e6 10. O-O Bb4 11. Bd2 O-O 12. Ne5 Nbd7 13. Nxd7 Nxd7 14. a3 Ba5
15. Rfd1 b4 16. axb4 Bxb4 17. Ne4 Bxd2 18. Nxd2 Nb6 19. f3 Rfd8 20. Nc4 Nxc4
21. Bxc4 h6 22. b4 Kf8 23. b5 cxb5 24. Bxb5 Ke7 25. Kf2 Rxa1 26. Rxa1 Rc8 27.
Ra7 Rc7 28. Ba6 Rc2+ 29. Kg3 Rc3 30. Rxb7+ Kf6 31. Kf2 Rc2+ 32. Kf1 Rc1+ 33.
Ke2 Rc2+ 34. Kf1 Rc1+ 1/2-1/2

[Event "Torneio de ELITE B da AXL 2013_2014"]
[Site "axlisboa.weebly.com"]
[Date "2014.??.??"]
[Round "5.3"]
[White "Figueiredo, Renato Freire"]
[Black "Marques, Pedro J S L Godinho"]
[Result "0-1"]
[WhiteElo "1769"]
[BlackElo "1908"]
[PlyCount "46"]
[EventDate "2014.09.17"]

1. d4 d5 2. c4 e6 3. Nf3 c5 4. cxd5 exd5 5. e3 Nf6 6. Be2 Nc6 7. O-O Be7 8. Nc3
O-O 9. b3 Ne4 10. Bb2 cxd4 11. Nxd4 Nxd4 12. Nxe4 Nxe2+ 13. Qxe2 dxe4 14. Rfd1
Qb6 15. Rac1 Qg6 16. Kh1 Bf5 17. Rd4 Rfd8 18. Rcd1 Rxd4 19. Rxd4 Rc8 20. Rd1
Bg4 21. f3 exf3 22. gxf3 Rc2 23. Qf1 Qh5 0-1

[Event "Torneio de ELITE B da AXL 2013_2014"]
[Site "axlisboa.weebly.com"]
[Date "2014.??.??"]
[Round "5.4"]
[White "Costa, Joao Luis Silva M Yu"]
[Black "Fortunato, Antonio Eduardo Con"]
[Result "1-0"]
[WhiteElo "1690"]
[BlackElo "1708"]
[PlyCount "119"]
[EventDate "2014.09.17"]

1. Nf3 g6 2. g3 Bg7 3. Bg2 Nf6 4. d4 d5 5. O-O O-O 6. c4 dxc4 7. Ne5 Nc6 8.
Nxc6 bxc6 9. Bxc6 Rb8 10. e3 Bb7 11. Bxb7 Rxb7 12. Qe2 Qd5 13. Na3 Rb4 14. Rb1
Rfb8 15. f3 c3 16. b3 c5 17. Nc2 R4b6 18. e4 Nxe4 19. fxe4 Bxd4+ 20. Kg2 Qe6
21. Bf4 R8b7 22. Rbd1 Rd7 23. Rd3 Ra6 24. Nxd4 cxd4 25. Rfd1 c2 26. Qxc2 Qxe4+
27. Kg1 Rc6 28. Qg2 Re6 29. Qxe4 Rxe4 30. Rc1 e5 31. Bh6 f5 32. Kf2 Kf7 33. Rc6
Rb7 34. a4 Ke8 35. a5 Kd7 36. Rf6 Ke7 37. Bg5 Ke8 38. Rc6 Kd7 39. Rf6 Ke8 40.
Bd2 Rc7 41. h3 Ke7 42. Ra6 Kf7 43. b4 f4 44. Kf3 Re3+ 45. Bxe3 fxe3 46. b5 Rc2
47. Rxa7+ Ke6 48. Rd1 Kd5 49. b6 h5 50. Rd7+ Ke6 51. b7 Rf2+ 52. Ke4 Rf8 53.
Rc7 h4 54. Rc8 e2 55. Re1 Rf2 56. b8=Q hxg3 57. Qxe5+ Kd7 58. Qc7+ Ke6 59. Re8+
Kf6 60. Qe5+ 1-0

[Event "Torneio de ELITE B da AXL 2013_2014"]
[Site "axlisboa.weebly.com"]
[Date "2014.??.??"]
[Round "5.5"]
[White "Alves, Luis Miguel Guerreir"]
[Black "Rocha, Manuel Fernando Teix"]
[Result "1-0"]
[WhiteElo "1779"]
[BlackElo "1873"]
[PlyCount "45"]
[EventDate "2014.09.17"]

1. c4 c6 2. Nf3 d5 3. cxd5 cxd5 4. g3 Nf6 5. Bg2 Nc6 6. O-O Bf5 7. d3 e6 8. Nc3
Bd6 9. a3 h6 10. Nb5 Bb8 11. Nbd4 Bh7 12. Nxc6 bxc6 13. Qa4 Qd7 14. Be3 c5 15.
Qa6 Bd6 16. b4 Rc8 17. bxc5 Bxc5 18. Ne5 Qc7 19. Qb5+ Ke7 20. Rac1 Qxe5 21.
Bxc5+ Kd8 22. Qa5+ Qc7 23. Be7+ 1-0

[Event "Torneio de ELITE B da AXL 2013_2014"]
[Site "axlisboa.weebly.com"]
[Date "2014.??.??"]
[Round "5.6"]
[White "Aguiar, Carlos Alberto Branc"]
[Black "Manuel, Marco Humberto Ameri"]
[Result "0-1"]
[WhiteElo "1775"]
[BlackElo "1760"]
[PlyCount "108"]
[EventDate "2014.09.17"]

1. e4 d6 2. d4 Nf6 3. Bc4 g6 4. f3 c6 5. Nc3 Bg7 6. Be3 O-O 7. Bb3 b5 8. Qd2 a5
9. a4 b4 10. Nce2 Re8 11. c3 Na6 12. Rc1 Nd7 13. f4 c5 14. Bc4 bxc3 15. bxc3
Rb8 16. Nf3 Qc7 17. Bb5 Rd8 18. O-O Bb7 19. e5 dxe5 20. fxe5 Nxe5 21. Nxe5 Bxe5
22. Bf4 Bxf4 23. Rxf4 e5 24. Rf6 Rd6 25. Rcf1 Rf8 26. Bc4 Rxf6 27. Rxf6 Nb8 28.
dxe5 Nd7 29. Rxf7 Rxf7 30. e6 Ne5 31. exf7+ Nxf7 32. Nf4 Bc8 33. Qe3 Kg7 34.
Be6 Qe7 35. Qe2 Nd6 36. h3 g5 37. Qg4 Kh6 38. Bxc8 Qe3+ 39. Kh1 Qc1+ 40. Kh2
Qxf4+ 41. Qxf4 gxf4 42. Ba6 Ne4 43. c4 Kg5 44. Kg1 Kf6 45. Kf1 Ke5 46. Ke1 Kd4
47. Ke2 Nc3+ 48. Kf3 Nxa4 49. Kxf4 Nb2 50. Bc8 a4 51. Bf5 Nd3+ 52. Kf3 a3 53.
Ke2 Nc1+ 54. Kd1 a2 0-1

[Event "Torneio de ELITE B da AXL 2013_2014"]
[Site "axlisboa.weebly.com"]
[Date "2014.??.??"]
[Round "6.1"]
[White "Martins, Andre G Gomes Brito"]
[Black "Manuel, Marco Humberto Ameri"]
[Result "1-0"]
[WhiteElo "1954"]
[BlackElo "1760"]
[PlyCount "65"]
[EventDate "2014.09.17"]

1. e4 d6 2. d4 Nf6 3. Nc3 g6 4. f3 Bg7 5. Be3 O-O 6. Qd2 Re8 7. O-O-O a6 8. Bh6
Bh8 9. g4 Nc6 10. Nge2 b5 11. h4 Na5 12. Ng3 Nc4 13. Bxc4 bxc4 14. h5 c6 15.
hxg6 fxg6 16. Qh2 e5 17. dxe5 Rxe5 18. Bf4 Re7 19. Bxd6 Rd7 20. e5 Raa7 21. Bc5
Nxg4 22. fxg4 Qg5+ 23. Kb1 Rxd1+ 24. Rxd1 Rb7 25. Nge4 Bxe5 26. Nxg5 Bxh2 27.
Rd8+ Kg7 28. Bf8+ Kf6 29. Nce4+ Ke5 30. Bd6+ Kd5 31. Bxh2+ Bd7 32. Rxd7+ Rxd7
33. Nf6+ 1-0

[Event "Torneio de ELITE B da AXL 2013_2014"]
[Site "axlisboa.weebly.com"]
[Date "2014.??.??"]
[Round "6.2"]
[White "Rocha, Manuel Fernando Teix"]
[Black "Aguiar, Carlos Alberto Branc"]
[Result "1/2-1/2"]
[WhiteElo "1873"]
[BlackElo "1775"]
[PlyCount "20"]
[EventDate "2014.09.17"]

1. e4 e6 2. d4 d5 3. exd5 exd5 4. Bd3 Bd6 5. Ne2 Ne7 6. Bf4 Bf5 7. Bxf5 Bxf4 8.
Nxf4 Nxf5 9. Qe2+ Qe7 10. Qxe7+ Nxe7 1/2-1/2

[Event "Torneio de ELITE B da AXL 2013_2014"]
[Site "axlisboa.weebly.com"]
[Date "2014.??.??"]
[Round "6.3"]
[White "Fortunato, Antonio Eduardo Con"]
[Black "Alves, Luis Miguel Guerreir"]
[Result "0-1"]
[WhiteElo "1708"]
[BlackElo "1779"]
[PlyCount "76"]
[EventDate "2014.09.17"]

1. e4 c5 2. Nc3 Nc6 3. d3 g6 4. g3 Bg7 5. Be3 d6 6. Qd2 Nd4 7. Bg2 Nf6 8. h3
Rb8 9. Rc1 a6 10. Bh6 Bxh6 11. Qxh6 b5 12. a3 b4 13. axb4 cxb4 14. Nce2 Ne6 15.
Nf3 Qa5 16. O-O Qh5 17. Qe3 O-O 18. e5 dxe5 19. Nxe5 Rb5 20. Nc6 Re8 21. Ned4
Nxd4 22. Nxe7+ Kg7 23. Qxd4 Rxe7 24. Kh2 Qe5 25. Qc4 Qc5 26. Qf4 Bb7 27. c4
bxc3 28. Rxc3 Qe5 29. Qc1 Bxg2 30. Kxg2 Reb7 31. Rc6 Qd5+ 32. Kg1 R7b6 33. Rxb6
Rxb6 34. Qc3 Rb3 35. Qc8 Qxd3 36. Ra1 Rxb2 37. Rxa6 Rb1+ 38. Kg2 Qe4+ 0-1

[Event "Torneio de ELITE B da AXL 2013_2014"]
[Site "axlisboa.weebly.com"]
[Date "2014.??.??"]
[Round "6.4"]
[White "Marques, Pedro J S L Godinho"]
[Black "Costa, Joao Luis Silva M Yu"]
[Result "0-1"]
[WhiteElo "1908"]
[BlackElo "1690"]
[PlyCount "106"]
[EventDate "2014.09.17"]

1. d4 d5 2. Nf3 Nf6 3. Bg5 Bf5 4. e3 e6 5. Bd3 Bxd3 6. Qxd3 c6 7. Nbd2 Be7 8.
O-O O-O 9. c4 Nbd7 10. c5 e5 11. Qf5 e4 12. Ne5 Nxe5 13. Qxe5 h6 14. Bh4 g5 15.
Bg3 Nh5 16. Qf5 Ng7 17. Qe5 f6 18. Qc7 Qxc7 19. Bxc7 Ne6 20. Bg3 f5 21. Be5 f4
22. b4 g4 23. a4 Bg5 24. Ra3 a6 25. Rb1 Rf7 26. Rc3 Raf8 27. Bd6 Be7 28. Bxe7
Rxe7 29. b5 axb5 30. axb5 Rf6 31. Ra3 h5 32. Ra7 fxe3 33. fxe3 cxb5 34. c6 Rff7
35. Rxb5 bxc6 36. Rb8+ Kg7 37. Raa8 Nxd4 38. Rg8+ Kf6 39. Ra1 Nc2 40. Rc1 Nxe3
41. Rxc6+ Ke5 42. Rg5+ Rf5 43. Rgg6 Ref7 44. h3 Rf2 45. Rce6+ Kd4 46. Nf3+ exf3
47. Kxf2 fxg2+ 48. Rgf6 Rxf6+ 49. Rxf6 gxh3 50. Kg1 Ke4 51. Re6+ Kf3 52. Rf6+
Kg3 53. Rg6+ Ng4 0-1

[Event "Torneio de ELITE B da AXL 2013_2014"]
[Site "axlisboa.weebly.com"]
[Date "2014.??.??"]
[Round "6.5"]
[White "Cadeirinhas, David Eduardo Lou"]
[Black "Figueiredo, Renato Freire"]
[Result "1/2-1/2"]
[WhiteElo "1850"]
[BlackElo "1769"]
[PlyCount "156"]
[EventDate "2014.09.17"]

1. c4 c6 2. d4 d5 3. Nf3 Nf6 4. g3 g6 5. Bg2 Bg7 6. Qc2 Bf5 7. Qb3 Qb6 8. Nc3
Qxb3 9. axb3 Na6 10. O-O e6 11. Bf4 O-O 12. c5 Rfd8 13. Rfc1 Ne4 14. h3 h5 15.
Ra4 f6 16. h4 e5 17. dxe5 Nexc5 18. Ra3 Re8 19. exf6 Bxf6 20. Be3 Ne6 21. Rd1
Rad8 22. Bd4 Nxd4 23. Nxd4 Bxd4 24. Rxd4 Be6 25. b4 Ra8 26. b5 Nc7 27. bxc6
bxc6 28. Rda4 a6 29. e4 Rab8 30. exd5 Bxd5 31. Nxd5 cxd5 32. Rc3 Re7 33. b4 Rb6
34. Re3 Rd7 35. Rd3 Rd8 36. Rd4 Rbd6 37. Bf1 Rc6 38. Kg2 Kg7 39. Ra5 Rb8 40.
Be2 Rf8 41. Rc5 Rxc5 42. bxc5 a5 43. Ra4 Ra8 44. Bf3 Ra7 45. Kf1 Kf6 46. Ke2
Ke5 47. Bg2 Ne6 48. f4+ Kf6 49. c6 Nc7 50. Bh3 Ke7 51. Ra3 Kd6 52. Bd7 a4 53.
Kd2 Nb5 54. Ra1 Kc7 55. Be8 Nd4 56. Kd3 Nf5 57. Bxg6 Nxg3 58. Ke3 Kxc6 59. Kf3
Ne4 60. Bxe4 dxe4+ 61. Kxe4 a3 62. Kf5 a2 63. Kg6 Ra5 64. f5 Kd7 65. f6 Ke8 66.
Kg7 Ra7+ 67. Kg6 Kf8 68. Rc1 Ra8 69. Ra1 Ra3 70. Kxh5 Kf7 71. Kg5 Ra5+ 72. Kf4
Kxf6 73. Ke3 Ke5 74. Kd3 Kd5 75. Kc3 Kc5 76. h5 Ra6 77. Kb3 Rh6 78. Rxa2 Kd4
1/2-1/2

[Event "Torneio de ELITE B da AXL 2013_2014"]
[Site "axlisboa.weebly.com"]
[Date "2014.??.??"]
[Round "12.1"]
[White "Antunes, Paulo Alexandre Gon"]
[Black "Fortunato, Antonio Eduardo Con"]
[Result "0-1"]
[WhiteElo "1843"]
[BlackElo "1708"]
[PlyCount "64"]
[EventDate "2014.09.17"]

1. e4 e5 2. f4 Bc5 3. Nf3 Nf6 4. fxe5 Nxe4 5. d4 Be7 6. Bd3 Ng5 7. O-O Nxf3+ 8.
Rxf3 d5 9. Rg3 g6 10. Bh6 Be6 11. Bg7 Rg8 12. Bh6 Nc6 13. Bb5 a6 14. Ba4 b5 15.
Bb3 Bh4 16. Rc3 Na5 17. a4 Nxb3 18. cxb3 b4 19. Rc6 Bd7 20. Rc5 c6 21. Qc2 Rc8
22. Nd2 Be7 23. Nf3 Bxc5 24. dxc5 Bf5 25. Qe2 Qe7 26. Qxa6 Qxc5+ 27. Kh1 Kd7
28. Rc1 Qf2 29. Qb7+ Rc7 30. Qxb4 Be4 31. Qd6+ Kc8 32. Rxc6 Qf1+ 0-1